La didáctica del diseño arquitectónico : una aproximación metodológica /
Contiene: El programa; Instrumentación didáctica; Diseño de un modelo de curso; Planteamiento y desarrollo de ejercicios de diseño. Incluye bibliografía.
Guardado en:
| Hovedforfatter: | |
|---|---|
| Format: | Bog |
| Sprog: | spansk |
| Udgivet: |
México :
UNAM, Facultad de Arquitectura,
1993, c1993
|
| Serier: | (Arquitectura UNAM ;
5) |
| Fag: | |
| Tags: |
Ingen Tags, Vær først til at tagge denne postø!
|
MARC
| LEADER | 00000nam^a2200000^a^4500 | ||
|---|---|---|---|
| 001 | 000277505 | ||
| 005 | 20250521000000.0 | ||
| 009 | 20260310111335.441 | ||
| 020 | |a 968-36-2608-4 | ||
| 037 | |a Acervo ITESO - Biblioteca | ||
| 041 | |a ESP | ||
| 082 | |a 720. 7 |b TUR | ||
| 100 | |a Turati Villarán, Antonio |e (autor) | ||
| 245 | 1 | 3 | |a La didáctica del diseño arquitectónico : |b una aproximación metodológica / |c A. Turati Villarán ; presen. de Xavier Cortés Rocha. |
| 264 | 4 | |a México : |b UNAM, Facultad de Arquitectura, |c 1993, c1993 | |
| 300 | |a 257 p. | ||
| 336 | |a texto |b txt |2 rdacontenido | ||
| 337 | |a sin mediación |b n |2 rdamedio | ||
| 338 | |a volumen |b nc |2 rdasoporte | ||
| 440 | 1 | |a (Arquitectura UNAM ; |v 5) | |
| 520 | |a Contiene: El programa; Instrumentación didáctica; Diseño de un modelo de curso; Planteamiento y desarrollo de ejercicios de diseño. Incluye bibliografía. | ||
| 649 | |a XX | ||
| 650 | |a Diseño Arquitectónico - |x Estudio y Enseñanza | ||
| 650 | |a Arquitectura - |x Estudio y Enseñanza | ||
| 650 | |a Talleres Educativos | ||
| 650 | |a Programas de Materia | ||
| 650 | |a Diseño y Revisión Curricular | ||
| 650 | |a Currículo | ||
| 650 | |a Metodología Educativa | ||
| 650 | |a Práctica Educativa | ||
| 650 | |a Proceso Educativo | ||
| 650 | |a Educación Superior | ||
| 910 | |a Fondo Julio de la Peña Lomelín | ||
| 920 | |a Impresos - Libros | ||
| 930 | |a Arquitectos Jaliscienses | ||
| 905 | |a 115 | ||
| 901 | |a 0500126857 |b IT1 |c JAL |u 20250521 | ||
| 902 | |a https://opac.biblio.iteso.mx/vufind/Record/000277505 | ||